| 000 | 00614nam a2200229Ia 4500 | ||
|---|---|---|---|
| 001 | 21650 | ||
| 003 | GE_BSU | ||
| 008 | 181216s||||||||xx |||||||||||||| ||und|| | ||
| 020 | _a3872767534 | ||
| 040 | _cGE_BSU | ||
| 080 | _a811.112 | ||
| 100 | _aDittmar, Norbert | ||
| 245 | _aSoziolinguistik: Studienbibliographien Sprachwissenschaft 16 | ||
| 260 | _aHeidelberg | ||
| 260 | _bjulius Groos Verlag | ||
| 260 | _c1996 | ||
| 300 | _a52 p. 21cm. | ||
| 541 | _h2 Gel. | ||
| 653 | _aSoziolinguistik: Studienbibliographien Sprachwissenschaft 16 | ||
| 653 | _aგერმანული ენა | ||
| 942 | _cBK | ||
| 999 |
_c54584 _d54584 |
||